Effects and impacts of NGO's in modern world / (Record no. 64379)

MARC details
000 -LEADER
fixed length control field 00831nam a22002297a 4500
005 - DATE AND TIME OF LATEST TRANSACTION
control field 2012032600030.0
008 - FIXED-LENGTH DATA ELEMENTS--GENERAL INFORMATION
fixed length control field 120326t xxu||||| |||| 00| 0 eng d
010 ## - LCCN (DPL NO)
LC control number ENG-104880
020 ## - INTERNATIONAL STANDARD BOOK NUMBER
International Standard Book Number 9789380902654
Terms of availability 895.00
035 ## - SYSTEM CONTROL NUMBER
System control number EN-88413
037 ## - SOURCE OF ACQUISITION
Source of stock number/acquisition DBAD/PUB
040 ## - CATALOGING SOURCE
Original cataloging agency DPL
Language of cataloging Eng
082 ## - DEWEY DECIMAL CLASSIFICATION NUMBER
Classification number 346.064
100 ## - MAIN ENTRY--PERSONAL NAME
Personal name Atik-ur-rahaman S. M.
9 (RLIN) 43461
245 ## - TITLE STATEMENT
Title Effects and impacts of NGO's in modern world /
Statement of responsibility, etc by Atik-ur-rahaman S. M.
260 ## - PUBLICATION, DISTRIBUTION, ETC. (IMPRINT)
Place of publication, distribution, etc Jaipur
Name of publisher, distributor, etc Aadi Publications
Date of publication, distribution, etc 2011
270 ## - ADDRESS
Address 18, Jain Bhawan, Opp. N.B.C. Shanti Nagar
City Jaipur
Postal code 302006
300 ## - PHYSICAL DESCRIPTION
Extent 285p.
Dimensions 22cm(Hb)
500 ## - GENERAL NOTE
General note Includes index
942 ## - ADDED ENTRY ELEMENTS (KOHA)
Source of classification or shelving scheme Dewey Decimal Classification
Item type English Books
Classification part 346.064
Call number suffix ATI
Holdings
Withdrawn status Lost status Source of classification or shelving scheme Damaged status Not for loan Collection code Home library Current library Date acquired Source of acquisition Cost, normal purchase price Total Checkouts Full call number Barcode Date last seen Copy number Cost, replacement price Koha item type
    Dewey Decimal Classification   Not For Loan Non-fiction D.B.Act.Division D.B.Act.Division 26/03/2012 DBAD/PUB 895.00   346.064 ATI EN-88413 26/03/2012 1 895.00 English Books

© Delhi Public Library
Hit Counter
free hit counter